Im Abseits zu Hause. (Titelsatznr. 370887)
[ MARC ]
| 000 -Satzkennung | |
|---|---|
| Kontrollfeld mit fester Länge | 01043nam a22002057a 4500 |
| 008 - Feld mit fester Länge zur physischen Beschreibung - Allgemeine Angaben | |
| Kontrollfeld mit fester Länge | 201130b ||||| |||| 00| 0 eng d |
| 040 ## - Katalogisierungsquelle | |
| Katalogisierungssprache | ger |
| Übertragungsstelle | DE-2950 |
| Beschreibungsfestlegungen | rda |
| Original-Katalogisierungsstelle | DE-2950 |
| 041 ## - Sprachcode | |
| Sprachcode des Textes/der Tonspur oder des separaten Titels | ger |
| 100 ## - Person oder Familie als 1. geistiger Schöpfer | |
| Personenname | Tilmann Christina: |
| 245 ## - Titel | |
| Haupttitel | Im Abseits zu Hause. |
| Titelzusatz | In der Alten Schäferei an der Blabber hatte der Schriftsteller Günter de Bruyn sich sein Refugium geschaffen - ohne Gäste, und lange auch ohne Strom. Nun soll der abgelegene Ort mitten im Wald eine Stipendiatenherberge werden, wünschen sich die Kinder. Doch zuvor müssen noch einige Quadratmeter Bücher gesichtet und archiviert werden. / |
| Verantwortlichkeitsangabe | Tilmann Christina |
| 264 ## - Veröffentlichungsangabe, Vertriebsangabe, Herstellungsangabe | |
| Erscheinungs-, Vertriebs-, Herstellungsdatum | 2021 |
| 490 ## - Gesamttitelangabe | |
| Haupttitel der Reihe/Unterreihe | Brandenburger Blätter |
| Zählung | 02/03.10.2021 |
| 653 ## - Lokales Schlagwort | |
| Nicht-normierter Term | de Bruyn, Günter 1926-2020 |
| 653 ## - Lokales Schlagwort | |
| Nicht-normierter Term | Schriftsteller |
| 773 ## - Übergeordnete Einheit | |
| Ort, Verlag und Erscheinungsjahr | Frankfurt (Oder): Märkisches Verlags- und Druckhaus GmbH & Co KG |
| Verknüpfungsangaben | 32. Jahrgang (2021) Nr. 230 vom 02.10/03.10.2021, Journal am Wochenende, S. 4 |
| Titel | Märkische Oderzeitung |
| 942 ## - Zusätzliche Felder (Koha) | |
| Koha-Medientyp | Aufsätze |
| Ausgeschieden | Verloren | Beschädigt | Nicht entleihbar | Permanenter Standort | Aktueller Standort | Aufstellungsort | Eingabedatum | Anzahl Ausleihen | Signatur | Letzte Aktivität | Preis gültig von | Medientyp |
|---|---|---|---|---|---|---|---|---|---|---|---|---|
| Stadtarchiv Frankfurt (Oder) | Archivbibliothek | Stadtarchiv Frankfurt (Oder) | Archivbibliothek | Magazin | 05/10/2021 | Z2 | 05/10/2021 | 05/10/2021 | Aufsätze |